01474nam a2200361Ia 4500001001200000003000800012006001900020007001500039008004100054010001700095020003100112040002100143035002100164050002300185245013000208260006500338300001500403490002900418504005100447533015200498650004500650650002600695650004000721650003900761650003300800650004000833655002900873700002000902710001700922830003000939856012600969999001701095ebr10343262CaPaEBRm u cr cn|||||||||090227s2009 enk sb 001 0 eng d z 2009007638 z9780754670582 (alk. paper) aCaPaEBRcCaPaEBR a(OCoLC)49850549314aUB212b.D57 2009eb00aDistributed situation awarenessh[electronic resource] :btheory, measurement, and application to teamwork /cPaul M. Salmon. aFarnham, Surrey [Eng.] ;aBurlington, VT :bAshgate,cc2009. axx, 246 p.1 aHuman factors in defence aIncludes bibliographical references and index. aElectronic reproduction.bPalo Alto, Calif. :cebrary,d2011.nAvailable via World Wide Web.nAccess may be limited to ebrary affiliated libraries. 0aCommand and control systemsxEvaluation. 0aPsychology, Military. 0aSituational awarenessxMeasurement. 0aGroup decision makingxEvaluation. 0aCooperativenessxEvaluation. 0aTeams in the workplacexEvaluation. 7aElectronic books.2local1 aSalmon, Paul M.2 aebrary, Inc. 0aHuman factors in defence.40uhttp://site.ebrary.com/lib/rucke/Doc?id=10343262zAn electronic book accessible through the World Wide Web; click to view c49267d49267